000 01145pab a2200157 454500
008 180718b2002 xxu||||| |||| 00| 0 eng d
100 _aAgnihotri, Satish B.
245 _aHigh female literacy, low child population: is there a threshold effect?
260 _c2002
300 _ap.4054-05.
362 _a28 Sep
520 _aThis paper examines the relationship between rural female literacy and the size of the child population (0-6 years) using block level data from the population census of 1991 for West Bengal. Its purpose is to find out if there is any threshold level of female literacy associated with a rapid decline in the size of the under-6 population. The analysis is done separately for three social groups; the tribals, the scheduled castes and the rest or the `general' population. The results have an important bearing on policy while processes behind these are of considerable significance to researchers. Further, validation of these patterns using 2001 Census data and similar analysis for states is indicated. - Reproduced.
650 _aWomens education
773 _aEconomic and Political Weekly
909 _a53984
999 _c53984
_d53984